000 00282nam a22001217a 4500
040 _cNUST
082 _a891.4393
_bMAD
100 _aMadni Chandio
_973569
245 _aChagi ka Toor
260 _aDadu:
_bWalla tafarqu,
_c1999.
650 _aChagi ka Toor
_9123415
942 _2ddc
_cBK
999 _c609615
_d609615